000 00862cam a2200301 4500
001 5553
003 BD-RjUL
005 20211208234103.0
008 131226s1969 stk 001 0 eng
020 _a0852240511
035 _a(BD-RjUL)5589
040 _aDLC
_cDLC
_dDLC
_dBD-RjUL
_beng
041 _aeng
082 0 0 _a340.54
_bDAR 1969
100 1 _aDaube, David.
_917391
245 1 0 _aRoman law :
_blinguistic, social and philosophical aspects /
_cDavid Daube.
260 _aEdinburgh ;
_bEdinburgh U.P.;
_aChicago :
_bAldine Pub. Co.,
_c1969.
300 _a[8], 205 p. ;
_c21 cm.
350 _a45/-
490 1 _aThe Gray lectures, 1966 [i.e. 1966-7]
504 _aIncludes index.
650 0 _aRoman law.
_917392
830 4 _v1966-7.
_917395
830 4 _aThe J.H. Gray lectures,
_917396
942 _2ddc
_cBK
999 _c5553
_d5553